000
00316nam a22001337a 4500
008
171027b xxu||||| |||| 00| 0 eng d
020
_a
9780321426703
041
_a
eng
080
_a
336
100
_a
56
101
_a
FIN
245
_a
MONEY, THE FINANCIAL SYSTEM, AND THE ECONOMY
_c
HUBBARD, R.G
942
_2
udc
_c
BK
999
_c
36255
_d
36255